| 000 | 01216nam a2200325 i 4500 | ||
|---|---|---|---|
| 001 | 000033296 | ||
| 003 | DO-SdBNP | ||
| 005 | 20240306141843.0 | ||
| 007 | ta | ||
| 008 | 110823s1895 dr 001 0 spa d | ||
| 040 |
_aDO-SdBNP _bspa _cBNPHU _erda |
||
| 082 | 4 |
_a348.7293022 _bR426cole _222 |
|
| 110 | 1 |
_aRepública Dominicana _9447 |
|
| 240 | 1 | 0 | _a[Leyes, etc.] |
| 245 | 1 | 0 | _aColección de leyes, decretos y resoluciones emanados de los poderes legislativo y ejecutivo de la República Dominicana. |
| 250 | _aEdición oficial | ||
| 264 |
_aSanto Domingo : _bImp. Cuna de América J. R. Roques, _c1895. |
||
| 300 |
_avolumenes ; _c28 cm. |
||
| 336 |
_2rdacontent _atexto _btxt |
||
| 337 |
_2rdamedia _asin mediación _bn |
||
| 338 |
_2rdacarrier _avolumen _bnc |
||
| 500 | _aLa biblioteca posee los volumenes: 6, 9, 10, 11, 12 , 13 y 15 | ||
| 500 | _aIncluye índice al final de cada volumen | ||
| 500 | _aIncluye referencias bibliográficas y notas al pie de las páginas | ||
| 590 | _aInventariado, 2020/MFF | ||
| 650 | 4 |
_aDerecho _zRepública Dominicana _935307 |
|
| 650 | 4 |
_aLegislación por decretos _zRepública Dominicana _935308 |
|
| 910 | _aValidado. Control de calidad MFF | ||
| 942 |
_2ddc _cLBS1 |
||
| 999 |
_c32787 _d32787 |
||